Normal view
MARC view
Entry Personal Name
001 - CONTROL NUMBER
- control field: 73827
003 - CONTROL NUMBER IDENTIFIER
- control field: OSt
005 - DATE AND TIME OF LATEST TRANSACTION
- control field: 20190315130413.0
008 - FIXED-LENGTH DATA ELEMENTS
- fixed length control field: 190315|| aca||aabn | a|a d
040 ## - CATALOGING SOURCE
- Original cataloging agency: OSt
- Transcribing agency: OSt
100 ## - HEADING--PERSONAL NAME
- Personal name: शास्त्री ,आचार्य जानकीवल्लभ
670 ## - SOURCE DATA FOUND
- Source citation: Work cat.: (OSt): शास्त्री ,आचार्य जानकीवल्लभ , समुद्र की गहरी हरी अात्मा , 2014









